<?xml version="1.0" encoding="UTF-8"?><?xml-stylesheet type="text/xsl" href="static/style.xsl"?><OAI-PMH xmlns="http://www.openarchives.org/OAI/2.0/" xmlns:xsi="http://www.w3.org/2001/XMLSchema-instance" xsi:schemaLocation="http://www.openarchives.org/OAI/2.0/ http://www.openarchives.org/OAI/2.0/OAI-PMH.xsd"><responseDate>2026-04-28T12:24:11Z</responseDate><request verb="GetRecord" identifier="oai:uvadoc.uva.es:10324/51150" metadataPrefix="marc">https://uvadoc.uva.es/oai/request</request><GetRecord><record><header><identifier>oai:uvadoc.uva.es:10324/51150</identifier><datestamp>2022-01-03T21:49:59Z</datestamp><setSpec>com_10324_38</setSpec><setSpec>col_10324_852</setSpec></header><metadata><record xmlns="http://www.loc.gov/MARC21/slim" xmlns:doc="http://www.lyncode.com/xoai" xmlns:xsi="http://www.w3.org/2001/XMLSchema-instance" xmlns:dcterms="http://purl.org/dc/terms/" xsi:schemaLocation="http://www.loc.gov/MARC21/slim http://www.loc.gov/standards/marcxml/schema/MARC21slim.xsd">
<leader>00925njm 22002777a 4500</leader>
<datafield tag="042" ind1=" " ind2=" ">
<subfield code="a">dc</subfield>
</datafield>
<datafield tag="720" ind1=" " ind2=" ">
<subfield code="a">Abascal Fernández, Pablo</subfield>
<subfield code="e">author</subfield>
</datafield>
<datafield tag="260" ind1=" " ind2=" ">
<subfield code="c">2021</subfield>
</datafield>
<datafield tag="520" ind1=" " ind2=" ">
<subfield code="a">Durante la Edad Moderna, el matrimonio a menudo era fuente de conflictos entre el marido y la mujer. La inferioridad jurídica de ésta y la realidad material de la pareja, podía hacer estallar la convivencia. La concepción moral del matrimonio surgida del Concilio de Trento contemplaba el divorcio como solución a estas tensiones, pero infligiendo, según el criterio de la Iglesia, un daño moral a la sociedad irreparable.</subfield>
</datafield>
<datafield tag="520" ind1=" " ind2=" ">
<subfield code="a">During Modern Age, the marriage often was source of conflict between the husband and the wife. According this, the women’s legal inferiority and marriage´s material reality, could explode the coexistence. The moral conception of marriage that emerged from the Council of Trent considered divorce as a solution to these tensions, but inflicting, in the eyes of the Church, an irreparable moral damage to society.</subfield>
</datafield>
<datafield tag="024" ind2=" " ind1="8">
<subfield code="a">https://uvadoc.uva.es/handle/10324/51150</subfield>
</datafield>
<datafield tag="245" ind1="0" ind2="0">
<subfield code="a">Reflexión bibliográfica en torno al divorcio en la Corona de Castilla en el siglo XVIII</subfield>
</datafield>
</record></metadata></record></GetRecord></OAI-PMH>